[Event "Gibraltar Masters 16th"]
[Site "Caleta"]
[Date "2018.01.31"]
[Round "9"]
[White "Howell, David"]
[Black "Vitiugov, Nikita"]
[Result "1/2-1/2"]
[WhiteElo "2682"]
[BlackElo "2732"]
[Annotator "Roiz,M"]
[PlyCount "149"]
[EventDate "2018.01.23"]
[EventType "swiss"]
[EventRounds "10"]
[EventCountry "GGB"]
[SourceTitle "CBM 183"]
[Source "ChessBase"]
[SourceDate "2018.03.14"]
[SourceVersion "1"]
[SourceVersionDate "2018.03.14"]
[SourceQuality "1"]

1. Nf3 d5 2. g3 c6 3. Bg2 Bg4 4. O-O Nd7 5. h3 Bh5 6. d3 Ngf6 7. Qe1 e5 8. e4
Bd6 {This way of handling the position has recently gained some popularity.} 9.
exd5 {David is opening the e-file in order to put pressure on Black's central
pawns.} ({Another standard approach is} 9. Nh4 O-O 10. Nf5 {, but Black
usually manages to deal with an active Nf5:} Bc7 11. Nc3 (11. b3 Re8 12. Nd2
Nc5 13. Ba3 Ne6 $15 {Parvanyan,A - Kollars,D Hamburg GER 2016}) 11... Nb6 12.
a4 a5 13. f4 dxe4 14. dxe4 exf4 15. gxf4 Bg6 16. Ng3 Re8 17. e5 Nbd5 $132 {
Nakamura,H - Jakovenko,D Palma de Mallorca ESP 2017}) 9... Bxf3 {This exchange
enables Nikita to release the pressure on the Pe5, though it looks like a
definite concession.} (9... Nxd5 $5 {Another move which deserves serious
attention is} 10. Nxe5 (10. Nh4 O-O 11. Nc3 Nxc3 12. bxc3 f5 $132) 10... Nxe5
11. d4 O-O 12. dxe5 Re8 13. f4 f6 14. Nc3 fxe5 15. f5 Nxc3 16. Qxc3 e4 17. Bf4
e3 $132 {Berkes,F - Swapnil,S Moscow RUS 2017}) 10. Bxf3 Nxd5 11. Nc3 ({
Black would hardly face serious problems also after} 11. Nd2 $5 O-O 12. Nc4 Bc7
13. b4 Re8 $132 {, but it might be a better option for White.}) 11... Nxc3 12.
bxc3 O-O {The position is about equal: the bishop pair compensates for the
structural drawbacks, but not more.} 13. a4 $146 {This innovation doesn't
change the assessment: Black has comfortable play.} (13. Rb1 {was previously
twice employed by GM Movsesian:} Qc7 14. Bd2 (14. Bg2 Rae8 15. a4 Kh8 16. a5 f5
17. c4 f4 18. Be4 Nc5 $15 {Movsesian,S - Grischuk,A Moscow 2008}) 14... f5 15.
Qe2 Rae8 16. Bg2 Kh8 17. Qh5 Bc5 18. Bg5 Bb6 $132 {Movsesian,S - Zontakh,A Loo
RUS 2013}) 13... a5 {Nikita prefers to fix the favourable pawn structure, but
it wouldn't be easy to attack the Pa4.} ({The more aggressive} 13... f5 $5 14.
a5 Qc7 15. Bg2 Rae8 {might offer Black a preferable position.}) 14. Bg2 Qc7 15.
Qe4 $1 {GM Howell manages to activate his queen and connect the rooks.} f5 16.
Qc4+ Kh8 17. Ba3 {It is White who has to be careful - Black's attacking
potential shouldn't be underestimated.} Bxa3 18. Rxa3 f4 ({The standard pawn
sac} 18... e4 {should be rejected:} 19. Rb3 $1 (19. dxe4 $6 f4 20. gxf4 Rxf4
$36) 19... f4 20. gxf4 Rxf4 21. Qd4 {and the counterplay along the b-file
allows White to maintain the balance.}) 19. Raa1 Nb6 ({Worth attention is} 
19... Rf6 $5 20. Rfe1 Raf8 21. Qe4 Qd6 {though it would be tough to make any
further progress on the kingside.}) 20. Qe4 Nd5 21. c4 Nf6 22. Qe2 fxg3 {
Nikita is inviting simplifications.} ({It was possible to maintain the tension:
} 22... Rae8 23. Rae1 Nd7 24. Qd2 Ra8 {, but after} 25. Qc3 $1 $11 {White also
gets some targets for an attack.}) 23. fxg3 e4 24. Bxe4 $6 {Now White is going
to suffer from the vulnerablity of his king.} (24. Kh2 exd3 25. cxd3 Rae8 26.
Qd2 $11) 24... Nxe4 25. Qxe4 Qxg3+ 26. Qg2 Qe3+ 27. Kh1 Rae8 $15 {Despite the
limited material balance, White's position is rather unpleasant.} 28. Rab1 h6
29. Rg1 Re7 30. Rbf1 Rff7 31. Qg4 Rf2 (31... Qe5 $5 32. Qg6 Kg8 $15) 32. Rxf2
Qxf2 33. Rg2 Qe1+ $6 {After this move Black couldn't deviate from exchanging
the queens.} ({White's defensive task would be much tougher after} 33... Qf6
34. Kh2 Re3 $15) 34. Kh2 Qe5+ 35. Qg3 g5 (35... Qc5 36. Rf2 Kh7 37. Qf4 $11)
36. Rf2 ({An easier way was} 36. Qxe5+ Rxe5 37. h4 Kg7 38. hxg5 hxg5 39. Kg3
Kf6 40. Rh2 $11) 36... Kg7 37. Kg2 $2 {A loss of time. David is inviting fresh
troubles.} (37. h4 g4 38. Kg2 h5 39. Qxe5+ Rxe5 40. d4 Re4 41. c3 Re3 42. Rb2
$11) 37... Qxg3+ 38. Kxg3 Re3+ 39. Kg2 Kg6 {Now White is doomed to a passive
defence.} 40. Rf1 $2 {The last move before crossing the time control could
have led to a disaster.} ({He had to play} 40. Rd2 h5 (40... Kf5 41. Rf2+ Ke6
42. Rf8 Re2+ 43. Kf3 Rh2 44. Kg4 Rxc2 45. Rh8 $11) 41. c5 $17) 40... Kh5 $2 {
Returning the favour!} ({Instead} 40... Re2+ 41. Kf3 Rxc2 42. Rb1 Rh2 43. Kg3
Rd2 $19 {would have secured Nikita a winning position.}) 41. Rf6 $1 {
Eventually David manages to activate his rooks again.} Re1 (41... Re2+ 42. Rf2
Rxf2+ 43. Kxf2 Kg6 (43... g4 44. d4 Kg5 45. hxg4 Kxg4 46. Ke3 Kf5 47. c5 h5 48.
c4 h4 49. d5 $11) 44. c5 $1 Kf5 45. Ke3 h5 46. d4 g4 47. hxg4+ Kxg4 48. c4 Kf5
49. d5 $11) 42. Rf7 Kh4 43. Rxb7 Re2+ 44. Kf3 Rxc2 45. Rh7 h5 46. Ke4 $1 {
The activity of the pieces enables White to achieve a draw now.} Rh2 47. c5
Rxh3 48. Rh6 Rh1 49. Rxc6 g4 50. d4 Re1+ 51. Kf5 Rd1 52. Ke5 Re1+ 53. Kf5 g3
54. Rg6 Kh3 55. d5 Rc1 56. c6 g2 57. Ke6 h4 58. Kd7 Kh2 59. d6 g1=Q 60. Rxg1
Kxg1 61. c7 h3 62. c8=Q Rxc8 63. Kxc8 h2 64. d7 h1=Q 65. d8=Q Qc6+ 66. Qc7 Qxa4
{Black has won a pawn, but his advantage is symbolic now.} 67. Qc5+ Kf1 68. Kc7
Qb4 69. Kc6 {The simplest.} Ke1 70. Qc1+ Ke2 71. Qc2+ Ke3 72. Qc1+ Kd3 73. Qd1+
Kc3 74. Qc1+ Kb3 75. Qb1+ 1/2-1/2

[Event "Grenke Chess Classic 4th"]
[Site "Karlsruhe/Baden-Baden"]
[Date "2017.04.16"]
[Round "2"]
[White "Vachier Lagrave, Maxime"]
[Black "Bluebaum, Matthias"]
[Result "1-0"]
[WhiteElo "2803"]
[BlackElo "2634"]
[Annotator "Roiz,M"]
[PlyCount "147"]
[EventDate "2017.04.15"]
[EventType "tourn"]
[EventRounds "7"]
[EventCountry "GER"]
[EventCategory "20"]
[SourceTitle "CBM 178"]
[Source "ChessBase"]
[SourceDate "2017.05.14"]
[SourceVersion "1"]
[SourceVersionDate "2017.05.14"]
[SourceQuality "1"]

1. Nf3 d5 2. g3 Bg4 3. Bg2 e6 4. O-O Nf6 5. h3 Bh5 6. d4 Nbd7 7. c4 {The
players have entered into a rare line of the Reti, where Maxime has solid
practical experience.} c6 8. cxd5 exd5 9. Qb3 {Quite a tricky move order.
White is not hurrying with developing the Nb1, since there is a concrete idea.}
Qb6 10. Qe3+ {This is the point! The pin along the e-file is going to be
annoying.} Be7 11. Nh4 Bg6 12. Nc3 {No doubt, this position was a part of home
preparation of both opponents.} Qd8 {This is the most natural way of avoiding
the pin.} (12... Kf8 {looks like a concession. Indeed, after} 13. Nxg6+ hxg6
14. Qd3 Re8 15. Rb1 Kg8 16. b4 $14 {Vachier Lagrave,M (2758)-Kramnik,V (2777)
Berlin GER 2015, White was clearly better.}) 13. b4 {The minority attack is a
usual plan in such positions.} ({Previously, MVL didn't manage to pose Black
any problems after} 13. Nxg6 hxg6 14. Qd3 O-O 15. Bf4 Re8 16. Rfe1 Nb6 17. Rad1
Qd7 18. Bg5 Rad8 19. h4 Nh7 20. Bxe7 Rxe7 21. e4 dxe4 22. Nxe4 Rde8 $11 {
Vachier Lagrave,M (2762)-Laznicka,V (2679) Dubai 2014}) 13... b5 $1 $146 {
GM Bluebaum comes up with a natural novelty. It turns out, that White's last
move exposed the c4-spot, so the knight is heading there.} ({The previously
played} 13... O-O {seems less challenging:} 14. Nxg6 hxg6 15. b5 Re8 16. Qd3
Bb4 17. bxc6 bxc6 18. Bd2 $14 {Ragger,M (2700)-Bindrich,F (2584) Austria AUT
2017}) 14. a4 a5 $5 {This original idea makes the play much sharper.} ({
The more natural} 14... a6 15. a5 O-O 16. Nxg6 hxg6 17. Rb1 Bd6 18. Qd3 Qe7 $11
{would lead to equalty.}) 15. Nxg6 hxg6 16. bxa5 b4 {The next few moves of
both opponents were almost forced.} 17. Na2 O-O 18. Bd2 Re8 $1 {An excellent
resource - Black is going to push c6-c5 in a better situation.} (18... c5 $6
19. dxc5 Bxc5 20. Qb3 Qxa5 21. Nxb4 Ne4 22. Bxe4 dxe4 23. Rfb1 Rfb8 24. Be1 $16
) 19. Qb3 ({After} 19. Rfb1 c5 20. dxc5 Bxc5 21. Qd3 Ne5 22. Qb3 Qxa5 23. Nxb4
Rab8 {the activity of his pieces provides Black enough play for a pawn.}) 19...
c5 20. dxc5 Nxc5 21. Qxb4 {This is probably Maxime's best practical chance.} ({
In the event of} 21. Qd1 Qxa5 {it wouldn't be possible to avoid the total
simplifications:} 22. Bxb4 (22. Nxb4 Nce4 23. Rb1 Nxd2 24. Nc6 Qa6 25. Nxe7+
Rxe7 26. Qxd2 Rxe2 $11) 22... Qxa4 23. Bxd5 Qxd1 24. Rfxd1 Nxd5 25. Rxd5 Nb3
26. Rb1 Rxa2 27. Bxe7 Rxe7 28. Rxb3 Rexe2 $11) 21... Nce4 $6 {This inaccurate
move invites some troubles - the Pd5 is getting very weak.} ({A much stronger
move was} 21... Nfe4 $1 22. Be3 Rxa5 23. Bxe4 Nxe4 24. Bb6 Bxb4 25. Bxd8 Rxa4
26. Nxb4 Rxb4 $11 {, and a draw is unavoidable.}) 22. Qd4 Nxd2 (22... Bd6 {
was hardly any better:} 23. Qd3 Nxd2 24. Qxd2 Qxa5 25. Qxa5 Rxa5 26. Nc1 Rea8
27. Rd1 Rxa4 28. Rxa4 Rxa4 29. Bxd5 Ra1 30. Bb3 $16) 23. Qxd2 Qxa5 24. Qxa5
Rxa5 25. e3 $14 {Despite the major simplifications, Black's defensive task is
not easy at all now.} Ne4 (25... Rxa4 26. Nc3 Rxa1 27. Rxa1 Rd8 28. Rd1 Bb4 29.
Nxd5 Nxd5 30. Bxd5 Kf8 $14) 26. Nc1 Rea8 27. Ne2 Rxa4 28. Rxa4 Rxa4 29. Rd1 $6
{Maxime chooses a wrong way of attacking the Pd5} (29. Nf4 Nf6 30. Nxd5 Nxd5
31. Bxd5 $14) 29... Bf6 $6 {Matthias is returning the favour - Black is doomed
to a passive defence till the end of the game.} ({At the same time, after} 
29... Ra5 $1 30. Nf4 Nc3 31. Rd3 d4 $1 32. exd4 (32. Rxd4 g5 33. Rd7 gxf4 34.
Rxe7 fxg3 35. fxg3 Ra1+ 36. Kh2 Ra2 $11) 32... g5 33. Rxc3 gxf4 $11 {White's
material advantage would be symbolic.}) 30. Rxd5 Ra1+ 31. Bf1 Kf8 32. Kg2 {
White's main task is to release the tension along the 2nd rank.} Ra2 33. Rb5
Rb2 34. Ra5 {Of course, there is no reason to exchange the rooks.} g5 35. Ra4
Nc5 ({Possibly, Black's play would be easier after} 35... Nc3 $5 36. Nxc3 Bxc3
37. Kf3 g6 $14 {, even though the draw isn't guaranteed.}) 36. Ra8+ Ke7 37.
Ra7+ Kf8 38. Nc1 $1 Ne4 (38... g6 $5 39. Nd3 Nxd3 40. Bxd3 Bc3 41. Bc4 f5 $14)
39. Nd3 Rd2 40. Kf3 Nd6 41. Ra8+ Ke7 42. e4 {Eventually Maxime was able to
make some progress and start to advance the pawns.} Bd4 $6 ({Alas, Black is
missing a golden opportunity of exchanging the rooks:} 42... Rd1 $1 43. Be2 Ra1
44. Rxa1 Bxa1 $14) 43. Ra4 Bb6 {Obviously, this is a sad necessity.} 44. e5 Nc8
45. Rg4 f6 46. h4 fxe5 47. Rxg5 {Both of Black's pawns are weak, but the
monarch is protecting them well!} Kf6 48. Kg4 Ne7 49. Nxe5 Bxf2 {Black was
able to swap almost all the pawns, but the position is still difficult - the
king is exposed now!} 50. Kh3 Bd4 51. Nf3 Rf2 52. Bg2 Be3 53. Ra5 Rb2 54. g4 $6
{Exposing the f4-spot is a dubious decision.} ({It was better to maintain the
tension by means of} 54. Ra3 Bc5 55. Rd3 $16) 54... Ng6 55. Ra6+ Kf7 $6 ({
A much better try was} 55... Bb6 $1 56. Bf1 Ke7 57. g5 Rb3 58. Kg4 Rb4+ $11 {
solving all the problems.}) 56. Bf1 Rb4 $6 {This is too passive!} ({After} 
56... Rf2 $1 57. Bc4+ Kf8 58. Kg3 Rc2 59. Rxg6 Rxc4 {Black should be able to
achieve a draw.}) 57. h5 Nf4+ 58. Kg3 Ne6 59. Bd3 Bf4+ 60. Kh4 Nc7 (60... Ke7
$5) 61. Rc6 Ke7 62. Bf5 Bd6 63. Kg5 Nd5 64. Ra6 Nc7 $2 {There is no reason to
remove the knight from the centre.} (64... Nf4 $142 $1 65. Nd2 (65. Rc6 Bb8 66.
Nh4 Kf7 67. Ng6 Nh3+ 68. Kh4 Nf4 $14) 65... Bb8 $16) 65. Rc6 Nd5 66. Nh4 $1 {
Now White's pieces are dominationg over the board!} Rb6 67. Ng6+ Kf7 $2 {
A decisive mistake.} ({After} 67... Ke8 68. Rc8+ Kf7 69. Rd8 Be7+ 70. Nxe7 Nxe7
71. Be4 Rb5+ 72. Kf4 Ke6 $16 {it still wouldn't be easy for Maxime to make any
progress.}) 68. Be4 $1 {Now the piece is gone.} Rb5 69. Rxd6 Nf6+ 70. Kf4 Rb4
71. Kf5 Nxe4 ({Or} 71... Rxe4 72. Rxf6+ $18) 72. Rd7+ Ke8 73. Re7+ Kd8 74. Rxe4
1-0

[Event "EU-Cup 30th"]
[Site "Bilbao"]
[Date "2014.09.17"]
[Round "4.4"]
[White "Laznicka, Viktor"]
[Black "Giri, Anish"]
[Result "0-1"]
[WhiteElo "2675"]
[BlackElo "2758"]
[Annotator "Roiz,M"]
[PlyCount "54"]
[EventDate "2014.09.14"]
[EventType "team-swiss"]
[EventRounds "7"]
[EventCountry "ESP"]
[SourceTitle "CBM 163"]
[Source "ChessBase"]
[SourceDate "2014.11.11"]
[SourceVersion "1"]
[SourceVersionDate "2014.11.11"]
[SourceQuality "1"]
[WhiteTeam "Novy Bor"]
[BlackTeam "SOCAR"]
[WhiteTeamCountry "CZE"]
[BlackTeamCountry "AZE"]

1. Nf3 d5 2. g3 g6 3. c4 dxc4 (3... c6 {is another populat move, which may
lead to a symmetrical Grünfeld.}) 4. Qa4+ Nc6 5. Bg2 Bg7 6. O-O e5 {This
system was choosed by Vishy Anand against Magnus Carlsen in the World
Championship match, so it may increase the popularity of that line.} 7. Qxc4 {
White takes the pawn back, but the vulnerable placement of White's queen gives
Black some extra tempi.} ({The following alternatives lead to an equal endgame
after:} 7. Nxe5 Bxe5 8. Bxc6+ bxc6 9. Qxc6+ Bd7 10. Qe4 f6 11. f4 Bf5 12. Qe3 (
12. Qc6+ Bd7 13. Qe4 Bf5 14. Qc6+ {1/2-1/2 Markowski,T (2557)-Kruppa,Y (2603)/
Koszalin 1999/CBM 073}) 12... Bh3 13. Rf3 Nh6 $1 14. fxe5 Ng4 15. Qc5 Nxe5 16.
Rf2 Qe7 17. Qxe7+ Kxe7 $11) 7... Nge7 8. d3 h6 {Following Anand's play.} ({
Black may also deviate from wasting a tempi for that prophylactic move:} 8...
Be6 $5 9. Qa4 O-O 10. Nc3 Nd4 11. Bd2 (11. Ng5 Bd7 12. Qd1 Bc6 $11) 11... Nxf3+
12. Bxf3 c6 $11) 9. Nc3 O-O 10. Bd2 {White has completed a standard setup and
is ready to put some pressure along the c-file. Theresulting pawn structure is
typical for an English Opening.} Be6 {A natural developing move. Now White
should choose a square to which to retreat.} (10... Nd4 $5 11. Nxd4 exd4 12.
Ne4 c6 {was quite comfortable in the above-mentioned game:} 13. Bb4 (13. Qc1
$142 $1 Kh7 14. Bb4 Bg4 $132) 13... Be6 14. Qc1 Bd5 15. a4 b6 16. Bxe7 Qxe7 $15
{1/2-1/2 Carlsen,M (2870)-Anand,V (2775)/Chennai IND 2013 (51)}) 11. Qh4 $6
$146 {An unsuccessful innovation. White's queen cannot create any threats,
while Black gets an extra tempo for developing a k-side attack.} (11. Qa4 Nd4
12. Rac1 (12. Rfc1 c6 13. Ne1 $6 Nd5 14. Kf1 Nb6 15. Qd1 a5 $15 {1/2-1/2
Loginov,V (2532)-Lukin,A (2440)/St Petersburg 1999/CBM 072 (41)}) 12... c6 13.
Qa3 {with approximate equality.}) 11... Qd7 ({The text move is much more
ambitious than} 11... Nf5 12. Qxd8 Rfxd8 13. Rac1 Ncd4 $11) 12. Qa4 (12. Rac1
g5 13. Qa4 f5 14. Ne1 (14. Be3 b6 15. Ne1 Rad8 16. Nc2 Nd4 $36) 14... a6 15.
Nc2 b5 16. Qa3 Rfb8 $15) 12... f5 13. Rfc1 {This move looks a bit dangerous,
since there are not many defenders around the king now.} (13. Be3 Rad8 14. Ne1
Nd4 15. Qxd7 Rxd7 16. Bxb7 Rb8 17. Bf3 Rxb2 $15) (13. Rac1 g5 14. Ne1 a6 $15)
13... Rad8 14. b4 (14. Ne1 a6 15. Be3 b5 16. Qd1 Nd4 $15) 14... a6 $1 {An
important prophylactic move, which slows down White's q-side play.} (14... Nd4
15. Qxd7 Rxd7 16. Nxd4 exd4 17. Na4 b6 18. Rc2 $11) 15. Rab1 g5 {White's
position is getting quite unpleasant, since there is not much to do against
Black's k-side activity.} (15... Nd5 16. b5 axb5 17. Qxb5 e4 18. dxe4 Nxc3 19.
Bxc3 fxe4 20. Ne5 Nxe5 21. Bxe5 c6 22. Qb2 Bxe5 23. Qxe5 Bxa2 24. Rb6 Qf7 25.
Qc5 Bd5 $15) 16. Be1 Nd5 17. b5 (17. Nxd5 Bxd5 18. Nd2 Bxg2 19. Kxg2 Rf7 $36)
17... axb5 18. Rxb5 $2 {White pieces lack coordination now.} ({The correct} 18.
Qxb5 $1 e4 19. dxe4 Nxc3 20. Bxc3 fxe4 21. Ne5 Bxe5 22. Bxe5 Rf5 23. Qxb7 Nxe5
24. Rxc7 Qd6 25. Bxe4 $15 {would give White an excellent drawish chances due
to a reduced material balance.}) 18... Nb6 $1 {Anish correctly keeps all the
attacking potential on the board. Now it's not easy to find a safe square for
the queen.} 19. Qa3 Ra8 (19... Qe8 $5 20. Nd2 e4 21. Nb3 exd3 22. exd3 f4 $17)
20. Qc5 {Obviously, White's queen is in a danger.} Rfe8 $1 {A logical
continuation of previous play.} ({The greedy} 20... Bxa2 $6 21. Nxa2 Rxa2 {
allows a nice tactical trick:} 22. Nxe5 $1 (22. Ba5 Rxa5 23. Rxa5 e4 24. Ne1
Bd4 25. Qa3 Nxa5 26. Qxa5 Nd5 $17) 22... Nxe5 23. Rxb6 cxb6 24. Qd5+ Qf7 25.
Qd6 $132) 21. a4 g4 22. Nh4 (22. Nd2 Nd4 {looks hopeless for White. For
instance,} 23. Rxb6 Bf8 24. Qxe5 cxb6 25. Qf6 Bg7 26. Qh4 Rac8 $19) 22... Nd4
23. Rb2 ({The following material sacrifice didn't help White to consolidate:} 
23. Rxb6 cxb6 24. Qxb6 Rec8 25. Kf1 Rc7 $19) 23... Bf7 {[%csl Rc5][%cal Rg7f8]}
24. Qa3 $2 {Viktor's position was already bad, but his last move loses on the
spot.} ({A much more stubborn try was:} 24. Rxb6 cxb6 25. Qxb6 e4 26. dxe4 fxe4
27. e3 Nf3+ 28. Nxf3 exf3 29. Bf1 Rec8 $17 {when Black has both material and
positional advantage.}) 24... Bf8 25. Qa1 Nxa4 $19 {White cannot avoid further
loss of material.} 26. Nxa4 Rxa4 27. Qb1 Ba3 0-1